| 000 | 01532nam a2200349 a 4500 | ||
|---|---|---|---|
| 001 | 0000284 | ||
| 003 | DO-SdBNP | ||
| 005 | 20180312100923.0 | ||
| 007 | 0000284 | ||
| 008 | 091125s2008 dr a 000 0 spa d | ||
| 020 | _a9789945112658 | ||
| 040 |
_aBPMSU _bspa _cBPMSU |
||
| 082 | 0 | 4 |
_a372.63 _bI37o 1ro. 2008 |
| 100 | 1 | _aIncháustegui, María Isabel | |
| 245 | 1 | 0 |
_aOrtografía 1 : _b[educación básica] / _cMaría Isabel Incháustegui ; dirección editorial Obdulia García de Escobar ; ilustración Ruddy Núñez. |
| 260 |
_aSanto Domingo : _bSantillana, _c2008. |
||
| 300 |
_a39 p. : _bil. ; _c28 cm. |
||
| 490 | 1 | _aCoral | |
| 505 | 0 |
_gv. 1 : _gunidad 1 -- _tA dormir -- _gunidad 2 -- _tLa madre coneja -- _gunidad 3 -- _tEl gato de angora -- _gunidad 4 -- _tEl zorro Cecilio -- _gunidad 5 -- _tEl canto de la cigüeña -- _gunidad 6 -- _tQue toquen los tambores -- _gunidad 7 -- _tMi lindo columpio -- _gunidad 8 -- _tLorenzo, mi loro -- _gunidad 9 -- _tNariz de zanahoria -- |
|
| 650 | 4 |
_aESPAÑOL _xORTOGRAFÍA _xENSEÑANZA BÁSICA |
|
| 650 | 4 |
_aESPAÑOL _xORTOGRAFÍA _xEDUCACIÓN PRIMARIA |
|
| 650 | 4 |
_aEDUCACIÓN PRIMARIA _zREPÚBLICA DOMINICANA |
|
| 650 | 4 |
_aESPAÑOL _xORTOGRAFÍA _xLIBROS DE TEXTOS |
|
| 650 | 4 |
_aESPAÑOL _xORTOGRAFÍA _xESTUDIOS Y EJERCICIOS |
|
| 700 | 1 |
_aGarcía Escobar, Obdulia de, _eed. |
|
| 700 | 1 |
_aNúñez, Ruddy _eil. |
|
| 830 | 0 | _aCoral | |
| 910 | _aValidado. Control de calidad MFF | ||
| 942 |
_2ddc _cBK |
||
| 945 | _aRemanejado para la Bib. BNPHU, 2018/ YL | ||
| 956 |
_aYLOCKWARD _b10 |
||
| 999 |
_c8210 _d8210 |
||